000 00753na a2200265 4500
001 15331
003 MIRAKIL
005 20181213155217.0
008 161025b tu 000 0
035 _a15331
040 _aMilas
_btur
_cTR-AnCHP
041 _atur
082 _a956.102
_bK46c 2001
090 _a956.102 K46c 2001
100 _aKırçak, Çağlar
245 _aCumhuriyet'ten günümüze gericilik IV
_cÇağlar Kırçak
260 _a[y.y.]
_bCumhuriyet
_c2001
300 _a92 s.
_c18 sm.
490 _aAydınlanma Dizisi
_v194
504 _aKaynakça var.
651 _aTürkiye
_xTarih
_ySiyasal partiler
651 _aTürkiye
_xTarih
_yCumhuriyet Dönemi
651 _aTürkiye
_xTarih
_ySiyaset ve yönetim
942 _2dcc
_cBKS
999 _c8585
_d8585